| LEADER | 00985nam a2200265 a 4500 | ||
|---|---|---|---|
| 001 | 000458530 | ||
| 003 | CZ BrMZK | ||
| 005 | 20000115143423.0 | ||
| 007 | ta | ||
| 008 | 000115s1965 xr f cze d | ||
| 040 | |a BOA001 |b cze | ||
| 080 | |a 628.14 |2 MRF | ||
| 080 | |a 628.2 |2 MRF | ||
| 245 | 0 | 0 | |a Úkolový sazebník. |n 1, |p Podzemní vedení - vodovody a kanalizace |
| 246 | 3 | 0 | |a Podzemní vedení - vodovody a kanalizace |
| 250 | |a Dot. 1965. | ||
| 260 | |a Praha : |b Ústav normování ve stavebnictví, |c 1965 | ||
| 300 | |a 27 s. ; |c 14 cm | ||
| 500 | |a Vyd. min. staveb. a ústř. výb. Odbor. svazu zaměstnanců ve staveb. prům., Praha | ||
| 653 | 0 | |a kanalizace |a mzdy |a vodovody |a úkolové sazebníky | |
| 910 | |a BOA001 |b 1-1067.617,1 | ||
| 964 | |a Vodovody |x výstavba |x mzdy |x sazebníky úkolové | ||
| 964 | |a Kanalizace |x výstavba |x mzdy |x sazebníky úkolové | ||
| 990 | |a BK | ||
| 996 | 6 | |b 2610106946 |c 1-1067.617,1 |l MZK |r Sklad / do 1 hodiny |n 1 |p dar |w 000458530 |u 000010 |a 1 |e BOA001 |j MZK50 |s P | |
English
Čeština 